| 000 | 00641nam a2200205 u 4500 | ||
|---|---|---|---|
| 005 | 20220528063505.0 | ||
| 008 | 160303s2000 mx r 000 0 spa d | ||
| 020 | _a9709059491 | ||
| 035 | _aUPN01000208696 | ||
| 049 | _aCG | ||
| 050 | 4 |
_aPQ7298.29 E3.6 _bC6.6 2000 |
|
| 100 | 1 |
_aSegovia, Francisco, _d1958- _938835 |
|
| 245 | 1 | 0 |
_aConferencia de vampiros : _blas sombras dan su fé / _cFrancisco Segovia ; il. Othón Téllez. |
| 250 | _a2a ed. | ||
| 260 |
_aMéxico : _bCasa Juan Pablos : _bSin nombre, _c2000. |
||
| 300 |
_a99 p. : _bil. |
||
| 650 | 4 |
_aLiteratura mexicana _ySiglo XX _95344 |
|
| 650 | 4 |
_aVAMPIROS _910177 |
|
| 905 | _aLibro | ||
| 999 |
_c180797 _d180797 |
||